Zgadnij miasto po dworcu 1 (Polska) - Statystyki

Ogólne statystyki
  • Ten quiz został rozwiązany 123 razy
  • Średni wynik to 6 z 16
Statystyki odpowiedzi
Obrazkowy Odpowiedź % Poprawnych
Wrocław
81%
Warszawa
79%
Katowice
69%
Gdańsk
68%
Gdynia
65%
Łódź
55%
Bydgoszcz
53%
Kraków
51%
Lublin
28%
Olsztyn
22%
Zielona Góra
17%
Rzeszów
16%
Białystok
15%
Mielec
5%
Ełk
4%
Żory
4%
Nie znaleziono quizów pasujących do podanych kryteriów
Rozkład punktacji
Procent ludzi z każdym wynikiem
Percentyl według liczby udzielonych odpowiedzi
Twoja historia wyników
Nie rozwiązałeś tego quizu